000 00779nam a2200217 a 4500
001 BRCA_263
005 20190320202935.0
008 280508s1962----fr-a---###---#000-0#fre-#
050 4 _aNA3770
_b.T96 1962
245 1 0 _aTunisie
_bMosaïques Anciennes
_cpréface Giacomo Caputo ; introduction Abdelaziz Driss.
260 _aParís
_bNew York Graphic Society : UNESCO
_c1962
300 _a1 v. (sin paginación)
_bil. a color
_c50 cm.
440 0 _aCollection UNESCO de l´Art Mondial
_9891
504 _aBibliografía : p. [22]
610 2 4 _aMuseo del Bardo
_xColecciones de arte
_zTúnez
_9892
650 1 4 _aMosaicos romanos antiguos
_yHasta 476 d.c.
_9893
650 1 4 _aMosaicos africanos
_9894
700 1 _aCaputo, Giacomo
_9895
700 1 _aDriss, Abdelaziz
_9896
942 _2lcc
_cB
999 _c214
_d214